Journey to Siwa /

محفوظ في:

المؤلف الرئيسي: Maugham, Robin, 1916-1981. (مؤلف)

مؤلفون آخرون: Papadimou, Dimitri.

التنسيق: كتاب

اللغة: English

منشور في: London : Chapman and Hall, 1950.

الموضوعات:

الوسوم: إضافة وسم

لا توجد وسوم, كن أول من يضع وسما على هذه التسجيلة!

رقم الطلب: DT154 .S5 M3 1950

LEADER 00763namaa2200253 4500
001 19246
003 OSt
005 20250805082452.0
008 130303s1950 enka 000 0 eng d
010 |a 50056873 
040 |c ARCE Library 
043 |a f-ua--- 
050 4 |a DT154 .S5 M3 1950 
100 1 |a Maugham, Robin,   |d 1916-1981.  |e author  |9 35594 
245 1 0 |a Journey to Siwa /   |c Robin Maugham ; with photo by Dimitri Papadimou. 
264 1 |a London :   |b Chapman and Hall,   |c 1950. 
300 |a 120 pages :   |b illustrations ;   |c 26 cm. 
651 0 |a Sīwah (Egypt)  |x History. 
651 0 |a Sīwah Oasis (Egypt)   |x Description and travel. 
651 0 |a Egypt  |z Sīwah. 
700 1 |a Papadimou, Dimitri.  |9 37282 
901 |a reviewed 
942 |c BK  |2 lcc 
999 |c 17006  |d 17006